Effet d'engrais organiques sur la culture de brocoli chinois a` la station expe`riment de l'universite` royale d'agriculture,​ (Record no. 1558)

000 -LEADER
fixed length control field 00486nam a22001577a 4500
003 - CONTROL NUMBER IDENTIFIER
control field OSt
005 - DATE AND TIME OF LATEST TRANSACTION
control field 20151001095332.0
008 - FIXED-LENGTH DATA ELEMENTS--GENERAL INFORMATION
fixed length control field 151001b xxu||||| |||| 00| 0 eng d
040 ## - CATALOGING SOURCE
Transcribing agency RUA
082 ## - DEWEY DECIMAL CLASSIFICATION NUMBER
Classification number AGR VAY 2005 B062 Or.1
100 ## - MAIN ENTRY--PERSONAL NAME
9 (RLIN) 1650
Personal name VAY, SOENG.
245 ## - TITLE STATEMENT
Title Effet d'engrais organiques sur la culture de brocoli chinois a` la station expe`riment de l'universite` royale d'agriculture,​
260 ## - PUBLICATION, DISTRIBUTION, ETC. (IMPRINT)
Place of publication, distribution, etc. phnom phen
Name of publisher, distributor, etc. RUA
Date of publication, distribution, etc. 2005
300 ## - PHYSICAL DESCRIPTION
Extent 54p.
Other physical details ill.
Dimensions 29cm.
942 ## - ADDED ENTRY ELEMENTS (KOHA)
Source of classification or shelving scheme
Koha item type AGR
Holdings
Price effective from Date last seen Permanent Location Not for loan Date acquired Source of classification or shelving scheme Koha item type Barcode Lost status Damaged status Shelving location Withdrawn status Current Location Full call number
2015-10-012015-10-01Library Block B 2015-10-01 AGRRUA003533  B062 Library Block BAGR VAY 2005 B062 Or.1
2015-10-012015-10-01Library Block B 2015-10-01 AGRRUA003389  B062 Library Block BAGR VAY 2005 B062 Or.2
2015-10-012015-10-01Library Block B 2015-10-01 AGRRUA003388  B062 Library Block BAGR VAY 2005 B062 Or.3
2015-10-012015-10-01Library Block B 2015-10-01 AGRRUA003459  B062 Library Block BAGR VAY 2005 B062 Or.4
2015-10-012015-10-01Library Block B 2015-10-01 AGRRUA003387  B062 Library Block BAGR VAY 2005 B062 Or.5
2015-10-012015-10-01Library Block B 2015-10-01 AGRRUA003034  B062 Library Block BAGR VAY 2005 B062 Or.6
មជ្ឈមណ្ឌលឯការនៃសាកលវិទ្យាល័យភូមិន្ទកសិកម្មចំការដូង

Powered by Koha